00494pab a2200157 454500008004000000100001800040245013500058260000900193300001300202362000800215650001400223650002700237650002000264650003400284773001800318180718b2004 xxu||||| |||| 00| 0 eng d aTikku, Nirmal aNGOs in three North Indian states - evaluation of NGOs working in the areas of nutritional and health status of women and children c2004 ap.34-52. aSep aNutrition aWomen and child health aHealth services aNongovernmental organizations aSocial Change